01081nam a22003257a 4500001001300000003000900013005001700022007000300039008003400042040005400076041001000130072000800140090002100148100001700169110006500186245007600251260003400327300001100361500004500372650001900417650001500436650001500451650002600466650001700492650003000509909003600539942000700575999001700582952015600599BR2014001944BR-BrBNA20230928104421.0ta230509b bl.||||| |||| 00| 0 por d aBR-BrBNAbporcBiblioteca Nacional de Agricultura a(Por) aC10  C10 BR20140019441 aCruz, S.R.M.1 aUniversidade Federal de Lavras, MG (Brasil)0Tese (Mestrado)1 aO uso do computador na aula de história: contribuições e dasafios3 aLavras, MG (Brasil): c2013.  a208 p. aSummaries (Eng, Por); 49 ref.; 24 illus. aENSINO MÉDIO aCOMPUTADOR aHISTÓRIA aTECNOLOGIA AGRÍCOLA aEDUCAÇÃO aFORMAÇÃO PROFISSIONAL a202309bLuciac55dLucia Elande cBK c79788d79788 002AGRIS40708AGROBASEa41918b41918l0o C10 BR2014001944pC10 BR2014001944r2023-09-25t01yBK10d2023-09-25ePortaria Interministerial nº 164/94